000 00967nam2a22002411 4500
001 v19\rc\2103050
005 20250620050740.0
035 _a(NLR Aleph) 005184678
090 _a5155948
_c5155948
100 _a20090914d1808 |||y0rusy50 ca
101 1 _arus
_cger
102 _aRU
105 _ay z |||||
200 0 _aЧ. 3
210 _d1808
_aБ. м.
215 _a209, [1] с.
461 0 _1001v19\rc\2103047
_12001#$aСтарик везде и нигде$eПеревод с немецкого. Ч. 1-3$fСочинение Г. Списа$vЧ. 3
_1700#1$aШпис$bХ.Г.$f1755-1799$gХристиан Генрих
_95155929
_aШпис, К. Г. (1755-1799)
_cМосква
_d1808
_fСочинение г. Списа.
_nв типографии С. Селивановскаго
_p3 т.
_tСтарик везде и нигде.
_vЧ. 3
801 0 _aRU
_bNLR
_gpsbo
801 1 _aRU
_bProSoft-M
_2rusmarc
852 _aNLR
_j128/375
942 _cBOOK
980 _aNB